[Event "SVK-chT4 A21 2223"]
[Site "Slovakia"]
[Date "2023.03.12"]
[Round "10.3"]
[White "Papanek, Lubomir"]
[Black "Lukac, Ivan"]
[Result "0-1"]
[WhiteElo "1568"]
[BlackElo "1608"]
[PlyCount "76"]
[EventDate "2022.10.09"]
[EventType "team-tourn"]
[EventRounds "11"]
[EventCountry "SVK"]
[SourceTitle "EXT 2024"]
[Source "ChessBase"]
[SourceDate "2023.10.10"]
[SourceVersion "1"]
[SourceVersionDate "2023.10.10"]
[SourceQuality "1"]
[WhiteTeam "Petrova Ves"]
[BlackTeam "Myjava Spartak"]
[WhiteTeamCountry "SVK"]
[BlackTeamCountry "SVK"]

1. e4 c6 2. d4 d5 3. Nc3 dxe4 4. Nxe4 Bf5 5. Ng3 Bg6 6. Nf3 Nd7 7. Bd3 Bxd3 8. Qxd3 e6 9. Bf4 Ngf6 10. Ne5 Nxe5 11. Bxe5 Bd6 12. Bxf6 Qxf6 13. Ne4 Qe7 14. Nxd6+ Qxd6 15. 0-0-0 0-0-0 16. Qe4 Qd5 17. Qxd5 Rxd5 18. c4 Rd7 19. Kc2 Rhd8 20. Kc3 c5 21. d5 exd5 22. cxd5 Rxd5 23. Rxd5 Rxd5 24. Re1 b5 25. Re2 Kd7 26. a3 a5 27. b4 axb4+ 28. axb4 c4 29. Ra2 Rd3+ 30. Kc2 Rb3 31. Rb2 Rxb2+ 32. Kxb2 Kd6 33. Kc3 Kd5 34. f3 Ke5 35. g3 f5 36. h3 g5 37. Kc2 Kd4 38. f4 gxf4 0-1

[Event "SVK-chT4 A21 2223"]
[Site "Slovakia"]
[Date "2022.12.11"]
[Round "5.3"]
[White "Drabek, Martin"]
[Black "Lukac, Ivan"]
[Result "1/2-1/2"]
[WhiteElo "1495"]
[BlackElo "1608"]
[PlyCount "107"]
[EventDate "2022.10.09"]
[EventType "team-tourn"]
[EventRounds "11"]
[EventCountry "SVK"]
[SourceTitle "EXT 2024"]
[Source "ChessBase"]
[SourceDate "2023.10.10"]
[SourceVersion "1"]
[SourceVersionDate "2023.10.10"]
[SourceQuality "1"]
[WhiteTeam "Skalica II"]
[BlackTeam "Myjava Spartak"]
[WhiteTeamCountry "SVK"]
[BlackTeamCountry "SVK"]

1. e4 c6 2. Nf3 d5 3. exd5 cxd5 4. d4 Nc6 5. Be2 Bg4 6. 0-0 e6 7. h3 Bxf3 8. Bxf3 Bd6 9. c3 Qc7 10. Bg5 h6 11. Bh4 g5 12. Bg3 Bxg3 13. fxg3 Qxg3 14. Qe2 Nge7 15. Bh5 0-0 16. Nd2 Qd6 17. Rf2 Ng6 18. Raf1 Kg7 19. Bxg6 fxg6 20. Rxf8 Rxf8 21. Rxf8 Kxf8 22. Nb3 e5 23. Qg4 Kf7 24. Qg3 Qf6 25. dxe5 Qxe5 26. Qf2+ Qf5 27. a3 Qxf2+ 28. Kxf2 b6 29. Ke3 Ke6 30. Nd4+ Nxd4 31. Kxd4 Kd6 32. g3 Ke6 33. b3 Kd6 34. a4 Ke6 35. c4 dxc4 36. Kxc4 a6 37. b4 Kd6 38. Kd4 b5 39. axb5 axb5 40. Ke4 h5 41. Kd4 g4 42. hxg4 hxg4 43. Ke4 Ke6 44. Kd4 Kf5 45. Kc5 Ke4 46. Kxb5 Kf3 47. Kc6 Kxg3 48. b5 Kf3 49. b6 g3 50. b7 g2 51. b8Q g1Q 52. Qb3+ Kf4 53. Qf7+ Kg5 54. Qe7+ 1/2-1/2

[Event "SVK-chT4 A21 1920"]
[Site "Slovakia"]
[Date "2020.03.08"]
[Round "10.2"]
[White "Lukac, Ivan"]
[Black "Vach, Jozef"]
[Result "1-0"]
[WhiteElo "1587"]
[BlackElo "1709"]
[PlyCount "141"]
[EventDate "2019.10.13"]
[EventType "team-tourn"]
[EventRounds "11"]
[EventCountry "SVK"]
[SourceTitle "CBM 195 Extra"]
[Source "ChessBase"]
[SourceDate "2020.05.31"]
[SourceVersion "1"]
[SourceVersionDate "2020.05.31"]
[SourceQuality "1"]
[WhiteTeam "Myjava Spartak"]
[BlackTeam "Holic II"]
[WhiteTeamCountry "SVK"]
[BlackTeamCountry "SVK"]

1. d4 d5 2. c4 e6 3. Nc3 Nf6 4. Bg5 Bb4 5. e3 0-0 6. Nf3 c6 7. Rc1 Nbd7 8. Bd3 Re8 9. 0-0 Qc7 10. Bf4 Bd6 11. Bxd6 Qxd6 12. Re1 e5 13. dxe5 Nxe5 14. Nxe5 Qxe5 15. cxd5 cxd5 16. Be2 a6 17. Bf3 Be6 18. b3 Rad8 19. Ne2 Bf5 20. Qd4 Be4 21. Qxe5 Rxe5 22. Nd4 Re7 23. Rc3 Red7 24. Rec1 g6 25. h3 Kg7 26. Rc8 Re8 27. Kf1 Ree7 28. Ke2 Ne8 29. Bg4 f5 30. Bf3 Kf6 31. g4 Nd6 32. R8c5 Nf7 33. gxf5 gxf5 34. Bh5 Bg2 35. Bxf7 Rxf7 36. h4 Bh3 37. Rg1 Bg4+ 38. f3 Bh5 39. Rg5 Bg6 40. f4 h6 41. Rg1 Bh5+ 42. Kd3 Bg4 43. b4 Ke7 44. Rgc1 Kd6 45. b5 Rc7 46. Rxc7 Rxc7 47. Rxc7 Kxc7 48. bxa6 bxa6 49. Nc2 Bh3 50. Nb4 Kd6 51. Kd4 Bf1 52. Nxd5 Ke6 53. a4 Kd6 54. a5 Be2 55. Nc3 Bf3 56. e4 fxe4 57. Nxe4+ Ke6 58. Nc5+ Kf5 59. Ke3 Bd5 60. Nxa6 Kg4 61. Nc7 Bc6 62. a6 Kxh4 63. Kd4 Kg4 64. Ke5 Bd7 65. a7 Bc6 66. f5 h5 67. Ne6 h4 68. Nf4 Bb7 69. f6 Kg3 70. f7 Kf2 71. f8Q 1-0

[Event "SVK-chT4 A21 1920"]
[Site "Slovakia"]
[Date "2020.02.09"]
[Round "8.3"]
[White "Dubecky, Ladislav"]
[Black "Lukac, Ivan"]
[Result "0-1"]
[WhiteElo "1565"]
[BlackElo "1587"]
[PlyCount "58"]
[EventDate "2019.10.13"]
[EventType "team-tourn"]
[EventRounds "11"]
[EventCountry "SVK"]
[SourceTitle "CBM 195 Extra"]
[Source "ChessBase"]
[SourceDate "2020.05.31"]
[SourceVersion "1"]
[SourceVersionDate "2020.05.31"]
[SourceQuality "1"]
[WhiteTeam "Kopcany"]
[BlackTeam "Myjava Spartak"]
[WhiteTeamCountry "SVK"]
[BlackTeamCountry "SVK"]

1. e4 c6 2. f4 d5 3. e5 Bf5 4. Nf3 e6 5. d4 c5 6. c3 Nc6 7. Qb3 Qb6 8. Bb5 a6 9. Bxc6+ Qxc6 10. 0-0 cxd4 11. cxd4 Bxb1 12. Rxb1 Ne7 13. Nh4 Ng6 14. Nf3 Be7 15. Be3 0-0 16. Rbc1 Qd7 17. Qd1 Rac8 18. Ng5 Rxc1 19. Bxc1 Rc8 20. Qh5 h6 21. Nxf7 Kxf7 22. f5 exf5 23. Be3 Qe6 24. Rxf5+ Kg8 25. Rf1 Kh7 26. Qd1 Rf8 27. Re1 Qf5 28. Qb3 Bg5 29. Bxg5 Qf2+ 0-1

[Event "SVK-chT4 A21 1920"]
[Site "Slovakia"]
[Date "2020.01.26"]
[Round "7.3"]
[White "Lukac, Ivan"]
[Black "Ralbovsky, Milan"]
[Result "1-0"]
[WhiteElo "1567"]
[BlackElo "1276"]
[PlyCount "97"]
[EventDate "2019.10.13"]
[EventType "team-tourn"]
[EventRounds "11"]
[EventCountry "SVK"]
[SourceTitle "CBM 194 Extra"]
[Source "ChessBase"]
[SourceDate "2020.03.31"]
[SourceVersion "1"]
[SourceVersionDate "2020.03.31"]
[SourceQuality "1"]
[WhiteTeam "Myjava Spartak"]
[BlackTeam "Gbely Nafta III"]
[WhiteTeamCountry "SVK"]
[BlackTeamCountry "SVK"]

1. d4 g6 2. c4 Bg7 3. Nc3 b6 4. Bf4 c6 5. e3 d6 6. Nf3 Nd7 7. h3 Bb7 8. Be2 Ngf6 9. Rc1 0-0 10. 0-0 a5 11. Re1 c5 12. d5 Ba6 13. e4 Nh5 14. Bh2 Bh6 15. Rc2 Nf4 16. Bf1 e5 17. dxe6 Nxe6 18. Qxd6 Ra7 19. Rd1 Re8 20. Nd5 Bf8 21. Qg3 Qa8 22. b3 Bg7 23. Rcd2 Nf6 24. Bd3 Nxd5 25. exd5 Nd4 26. Nxd4 Bxd4 27. Re2 Rxe2 28. Bxe2 Re7 29. Bd3 Qe8 30. Rf1 Re1 31. Qb8 Bxf2+ 32. Kxf2 Qxb8 33. Bxb8 Re7 34. Re1 Rd7 35. Be5 Bb7 36. Bf6 Kf8 37. Kg3 b5 38. Kf4 bxc4 39. bxc4 Rd6 40. Be7+ Kg7 41. Bxd6 a4 42. Bxc5 a3 43. d6 Bxg2 44. d7 Bxh3 45. d8Q Be6 46. Bd4+ f6 47. Qxf6+ Kh6 48. Rh1+ Bh3 49. Rxh3# 1-0

[Event "SVK-chT3B2 1617"]
[Site "Slovakia"]
[Date "2017.02.19"]
[Round "8.4"]
[White "Lukac, Ivan"]
[Black "Solovic, Vladislav"]
[Result "0-1"]
[WhiteElo "1636"]
[BlackElo "1741"]
[PlyCount "70"]
[EventDate "2016.10.16"]
[EventType "team-tourn"]
[EventRounds "11"]
[EventCountry "SVK"]
[SourceTitle "EXT 2018"]
[Source "ChessBase"]
[SourceDate "2017.10.13"]
[SourceVersion "1"]
[SourceVersionDate "2017.10.13"]
[SourceQuality "1"]
[WhiteTeam "Myjava Spartak"]
[BlackTeam "Dubnica nad Vahom III"]
[WhiteTeamCountry "SVK"]
[BlackTeamCountry "SVK"]

1. d4 d5 2. c4 Nf6 3. Nc3 c6 4. Nf3 e6 5. Bg5 Be7 6. e3 dxc4 7. Bxc4 Nd5 8. Bxe7 Qxe7 9. 0-0 Nd7 10. Rc1 N7b6 11. Bd3 0-0 12. Re1 Nxc3 13. Rxc3 Nd5 14. Rc5 Bd7 15. a3 f6 16. Qc2 g6 17. e4 Nf4 18. Bc4 b6 19. Bxe6+ Nxe6 20. Rc3 Kg7 21. d5 Nc7 22. dxc6 Be6 23. b4 a5 24. Qb2 b5 25. Rc5 Bc4 26. e5 f5 27. Rd1 Rfd8 28. e6+ Qf6 29. Rd7+ Rxd7 30. Qxf6+ Kxf6 31. exd7 axb4 32. a4 b3 33. Nd2 b2 34. h3 Ke7 35. axb5 Bxb5 0-1

[Event "SVK-chT3B2 1617"]
[Site "Slovakia"]
[Date "2016.11.27"]
[Round "4.4"]
[White "Lukac, Ivan"]
[Black "Rucek, Peter"]
[Result "0-1"]
[WhiteElo "1646"]
[BlackElo "1799"]
[PlyCount "52"]
[EventDate "2016.10.16"]
[EventType "team-tourn"]
[EventRounds "11"]
[EventCountry "SVK"]
[SourceTitle "EXT 2018"]
[Source "ChessBase"]
[SourceDate "2017.10.13"]
[SourceVersion "1"]
[SourceVersionDate "2017.10.13"]
[SourceQuality "1"]
[WhiteTeam "Myjava Spartak"]
[BlackTeam "Belusa"]
[WhiteTeamCountry "SVK"]
[BlackTeamCountry "SVK"]

1. d4 Nf6 2. c4 e5 3. dxe5 Ng4 4. Nf3 Nc6 5. Bf4 Bb4+ 6. Nc3 Qe7 7. Qd5 Bc5 8. e3 Nb4 9. Qd2 Nc6 10. Qd5 f6 11. exf6 Nxf6 12. Qd2 d6 13. a3 h6 14. h3 Be6 15. Bd3 0-0-0 16. b4 Bb6 17. Na4 Rd7 18. Nxb6+ cxb6 19. Qc3 Rhd8 20. 0-0 d5 21. cxd5 Nxd5 22. Qc2 Nxf4 23. exf4 Rxd3 24. b5 Bb3 25. Qc1 Rd1 26. Qc3 R8d3 0-1

[Event "SVK-chT3B2 1516"]
[Site "Slovakia"]
[Date "2016.01.10"]
[Round "5.5"]
[White "Mendel, Frantisek"]
[Black "Lukac, Ivan"]
[Result "0-1"]
[WhiteElo "1554"]
[BlackElo "1653"]
[PlyCount "74"]
[EventDate "2015.10.11"]
[EventType "team-tourn"]
[EventRounds "11"]
[EventCountry "SVK"]
[SourceTitle "CBM 170 Extra"]
[Source "ChessBase"]
[SourceDate "2016.02.25"]
[SourceVersion "1"]
[SourceVersionDate "2016.02.25"]
[SourceQuality "1"]
[WhiteTeam "Lehota pod Vtacnikom"]
[BlackTeam "Myjava Spartak"]
[WhiteTeamCountry "SVK"]
[BlackTeamCountry "SVK"]

1. e4 c6 2. d4 d5 3. Nc3 dxe4 4. Nxe4 Bf5 5. Ng3 Bg6 6. Nf3 e6 7. Bd3 Bxd3 8. Qxd3 Qc7 9. 0-0 Nf6 10. Bg5 Nbd7 11. Rfe1 h6 12. Bxf6 gxf6 13. c4 0-0-0 14. Qc3 h5 15. b4 h4 16. Nf1 Bd6 17. c5 Bf4 18. a4 Rdg8 19. b5 Rg6 20. b6 axb6 21. cxb6 Nxb6 22. Qb3 Rhg8 23. Nxh4 Rg4 24. Qh3 f5 25. g3 Bd6 26. Nf3 f4 27. Ne5 R4g5 28. Nf3 R5g7 29. Ne5 fxg3 30. fxg3 Nd5 31. Ra2 f5 32. Rg2 Nf4 33. gxf4 Rxg2+ 34. Qxg2 Rxg2+ 35. Kxg2 Qa5 36. Re2 Qxa4 37. Nf3 Qc4 0-1